000 00442nam a2200145Ia 4500
008 230917s9999||||xx |||||||||||||| ||und||
040 _e211015
_aMAIN
041 _aEnglish
082 _a515.7 A59E
100 _aAnju Rani
245 0 _aExistence of coincidence and fixed points under weak commutativity type conditions and stability results for some fixed point iteration procedures
260 _c2011
300 _a237 p.
942 _cTH
999 _c125583
_d125583